Ueber die Anwendbarkeit der Fluorverbindungen zur Verhinderung der Invertzuckerbildung in Zuckersyrupen: Sonderabdruck

গ্রন্থ-পঞ্জীর বিবরন
প্রধান লেখক: Herzfeld A. Alexander
অন্যান্য লেখক: Paetov U.
সংক্ষিপ্ত:В описании используется грамматика 19 века
ভাষা:জার্মান
প্রকাশিত: [S. l.], [S. n.], 1890
মালা:Zeitschrift [б.н.], 1890
বিষয়গুলি:
বিন্যাস: গ্রন্থ
KOHA link:https://koha.lib.tpu.ru/cgi-bin/koha/opac-detail.pl?biblionumber=361763

MARC

LEADER 00000nam0a2200000 4500
001 361763
005 20240624144234.0
035 |a (RuTPU)RU\TPU\retro\19109 
090 |a 361763 
100 |a 20210701d189 km y0gery50 ba 
101 0 |a ger 
102 |a DE 
105 |a y z 000zy 
181 0 |b  e  
182 0 |a n 
183 0 |a nc  |2 RDAcarrier 
200 1 |a Ueber die Anwendbarkeit der Fluorverbindungen zur Verhinderung der Invertzuckerbildung in Zuckersyrupen  |f A. Herzfeld, U. Paetov  |e Sonderabdruck 
210 |a [S. l.]  |c [S. n.]  |d 1890 
215 |a S. 677-681 
225 |a Zeitschrift [б.н.], 1890 
283 |a volume 
300 |a В описании используется грамматика 19 века 
317 |5 63413507: 13828  |a Поступил в НТБ в 1914 г. в дар от первого директора ТТИ профессора Е. Л. Зубашева 
541 1 |a О возможности применения соединений фтора для предотвращения образования инвертного сахара в сахарных сиропах  |z rus 
606 1 |a Фтор, соединения  |x Применение в органическом синтезе  |2 stltpush  |3 (RuTPU)RU\TPU\subj\16973  |9 42843 
610 1 |a Коллекция Е. Л. Зубашева 
610 1 |a дары библиотеке 
610 1 |a сахарные сиропы 
610 1 |a инвертный сахар 
610 1 |a образование 
610 1 |a предотвращение 
610 1 |a немецкий язык 
610 1 |a оттиски 
675 |a 547.057  |v 4 
700 1 |a Herzfeld  |b A.  |g Alexander 
701 1 |a Paetov  |b U. 
801 1 |a RU  |b 63413507  |c 20210701 
801 2 |a RU  |b 63413507  |c 20210701  |g RCR 
942 |c BK